000
00213nam a22000857a 4500
008
170527b xxu||||| |||| 00| 0 eng d
100
_9
3158
_a
Sood.R.
245
_a
Information Technology-X
260
_a
New Delhi
_b
AP
_c
2010
999
_c
6455
_d
6455